Good Friday Quiz - Statistics

General Stats
  • This quiz has been taken 49 times
  • The average score is 7 of 12
Answer Stats
Question Answer Bible Reference % Correct
Good Friday commemorates the ______ of Jesus Crucifixion John 19:17-22
100%
The event is seen to be caused by the betrayal of _____ Judas Iscariot Matthew 26:14-16
88%
_________, a Roman governor, declared Jesus innocent at the event Pontius Pilate Matthew 27:24-26
81%
Jesus suffered on the cross for _____ hours 6 Matthew 27:45-46
77%
_______ of Arimathia took Jesus' body into a new tomb Joseph Luke 23:50-52
67%
__ U.S. states recognise Good Friday as a legal holiday 12
63%
The above event happened in ________ [location] Calvary John 19:17-22
56%
______, the ruler of Galilee, also found Jesus not guilty Herod Luke 23:3-16
49%
Jesus was condemned for _______ by the High Priest Blasphemy Matthew 26:57-66
44%
Eastern Christianity observes Good Friday 2019 on __ April. 26
42%
________ presented many spices, aloes and myrrh to Jesus' burial Nicodemus John 19:39-40
19%
The ‘good’ in Good Friday translates to _____ Holy
16%
No matching quizzes found
Score Distribution
Percent of People with Each Score
Percentile by Number Answered
Your Score History
You have not taken this quiz